|
|
|
|
| LEADER |
00000nam a22000004i 4500 |
| 005 |
20170929153625.0 |
| 007 |
cr ||||||||||| |
| 008 |
170714s2017 sp o 000 0 spa|c |
| 020 |
|
|
|a 9788473515740
|
| 035 |
|
|
|a 20630
|
| 040 |
|
|
|a ES-TaURV
|b cat
|e rda
|c ES-TaURV
|d vLex
|
| 090 |
|
|
|c 7029
|d 7029
|
| 100 |
1 |
|
|a Cuevas Lanchares, Juan,
|e autor
|
| 245 |
1 |
0 |
|a Ciudadana̕ y estudios pb︢licos locales
|h [Recurso electrn̤ico] :
|b un estudio en las comunidades autn̤omas de Madrid y Castilla y Lǒn /
|c Jaime Ferri Dur ̀y Jos ̌Manuel Barroso (coords.) ; Juan Cuevas Lanchares [y 4 ms̀], autores
|
| 256 |
|
|
|a Servicio en ln̕ea
|
| 300 |
|
|
|a 1 recurso electrn̤ico
|
| 490 |
1 |
|
|a Innap Investiga. Serie estudios territoriales
|
| 506 |
0 |
|
|a Contenido solo disponible en los productos indicados
|d vLex Global
|d vLex Global (Academic Edition, excluding Law Schools)
|d vLex Global (U.S. Academic Edition, Law Schools)
|d vLex Global (U.S. Academic Edition, excluding Law Schools)
|d vLex Global (Academic Edition, Law Schools)
|
| 650 |
|
|
|a Ciudadana̕
|z Espaą
|
| 650 |
|
|
|a Administracin̤ pb︢lica
|z Espaą
|
| 650 |
|
|
|a Administracin̤ local
|z Espaą
|
| 650 |
|
|
|a Servicios pb︢licos
|z Espaą
|
| 700 |
1 |
|
|a Ferri, Jaime,
|e Editor literario
|
| 700 |
1 |
|
|a Barroso, Jos ̌Manuel,
|e Editor literario
|
| 740 |
0 |
|
|a vLex Libros (Servicio en ln̕ea)
|
| 830 |
|
0 |
|a Innap investiga.
|p Serie estudios territoriales
|
| 856 |
4 |
0 |
|z Acceso restringido
|u http://vlex.com/source/ciudadania-servicios-publicos-locales-20630
|
| 942 |
|
|
|c BOOK
|
| 999 |
0 |
|
|a Citizenship
|
| 999 |
0 |
|
|a Public utilities
|